Sri Lanka : Selected Issues and Statistical Appendix.

This paper explores how monetary policy affects other macroeconomic variables, mainly output and inflation. First, it provides an overview of the framework for implementing monetary policy and then discusses the transmission mechanism itself. In this study, the following statistical data are listed...

Täydet tiedot

Bibliografiset tiedot
Yhteisötekijä: International Monetary Fund
Aineistotyyppi: Aikakauslehti
Kieli:English
Julkaistu: Washington, D.C. : International Monetary Fund, 2004.
Sarja:IMF Staff Country Reports; Country Report ; No. 2004/069
Linkit:Full text available on IMF
LEADER 01663cas a2200241 a 4500
001 AALejournalIMF008596
008 230101c9999 xx r poo 0 0eng d
020 |c 5.00 USD 
020 |z 9781451823493 
022 |a 1934-7685 
040 |a BD-DhAAL  |c BD-DhAAL 
110 2 |a International Monetary Fund. 
245 1 0 |a Sri Lanka :   |b Selected Issues and Statistical Appendix. 
264 1 |a Washington, D.C. :  |b International Monetary Fund,  |c 2004. 
300 |a 1 online resource (61 pages) 
490 1 |a IMF Staff Country Reports 
500 |a <strong>Off-Campus Access:</strong> No User ID or Password Required 
500 |a <strong>On-Campus Access:</strong> No User ID or Password Required 
506 |a Electronic access restricted to authorized BRAC University faculty, staff and students 
520 3 |a This paper explores how monetary policy affects other macroeconomic variables, mainly output and inflation. First, it provides an overview of the framework for implementing monetary policy and then discusses the transmission mechanism itself. In this study, the following statistical data are listed in detail: GDP and expenditure components, savings, investment, current account, consumption and prices of petroleum and electricity, price indicators, employment by economic sectors, monetary survey, selected interest rates, balance of payments, exports and imports by commodity, direction of trade, services and income. 
538 |a Mode of access: Internet 
830 0 |a IMF Staff Country Reports; Country Report ;  |v No. 2004/069 
856 4 0 |z Full text available on IMF  |u http://elibrary.imf.org/view/journals/002/2004/069/002.2004.issue-069-en.xml  |z IMF e-Library